Arthur Evans in Dubrovnik and Split (1875-1882) /

This work presents details on the everyday life of Arthur Evans in Dubrovnik and Split as seen by the local people who wrote about him in newspapers, journals or books, material that is not easily available to those interested in Evans's pre-Knossos period.

محفوظ في:

المؤلف الرئيسي: Kirigin, Branko (مؤلف)

التنسيق: كتاب الكتروني

اللغة: English

منشور في: Oxford : Archaeopress, 2015.

سلاسل: Archaeological lives.

الموضوعات:

الوصول للمادة أونلاين: Login to view Source

الوسوم: إضافة وسم

لا توجد وسوم, كن أول من يضع وسما على هذه التسجيلة!

رقم الطلب: CC115.E9

LEADER 01752nam a2200397 i 4500
001 EDZ0002769634
003 StDuBDS
005 20230412183232.0
006 m|||||o||d||||||||
007 cr |||||||||||
008 220530s2015 enkab ob 000|0beng|d
020 |a 9781803271804 (PDF ebook) :  |c No price 
040 |a StDuBDS  |b eng  |c StDuBDS  |e rda  |e pn 
050 4 |a CC115.E9 
082 0 4 |a 930.1092  |2 23 
100 1 |a Kirigin, Branko,  |e author. 
245 1 0 |a Arthur Evans in Dubrovnik and Split (1875-1882) /  |c Branko Kirigin. 
264 1 |a Oxford :  |b Archaeopress,  |c 2015. 
300 |a 1 online resource (ii, 14 pages) :  |b illustrations (black and white, and colour), maps (colour). 
336 |a text  |2 rdacontent 
336 |a still image  |2 rdacontent 
336 |a cartographic image  |2 rdacontent 
337 |a computer  |2 rdamedia 
338 |a online resource  |2 rdacarrier 
490 1 |a Archaeological lives 
504 |a Includes bibliographical references. 
506 0 |a Open access. 
520 8 |a This work presents details on the everyday life of Arthur Evans in Dubrovnik and Split as seen by the local people who wrote about him in newspapers, journals or books, material that is not easily available to those interested in Evans's pre-Knossos period. 
588 |a Description based on online resource; title from PDF title page (viewed on May 30, 2022). 
600 1 0 |a Evans, Arthur. 
650 0 |a Archaeologists  |z Balkan Peninsula  |v Biography. 
830 0 |a Archaeological lives. 
856 4 0 |3 Archaeopress  |u http://library.arce.org:8087/Archaeopress/Products/9781803271804 
942 |2 lcc  |c EBOOK 
952 |0 0  |1 0  |4 0  |6 CC0115 E9  |7 1  |9 46905  |a ARCH  |b ARCH  |d 2023-04-12  |l 0  |o CC115.E9  |r 2023-04-12 00:00:00  |w 2023-04-12  |y EBOOK 
999 |c 52563  |d 52563